Toronto Blue Jays 2025 ALCS roster - Statistics

General Stats
  • This quiz has been taken 324 times
  • The average score is 18 of 27
Answer Stats
Pitchers % Correct
Vladimir Guerrero Jr
98%
Trey Yesavage
90%
Ernie Clement
89%
George Springer
89%
Addison Barger
85%
Daulton Varsho
85%
Kevin Gausman
85%
Andres Gimenez
82%
Alejandro Kirk
80%
Max Scherzer
80%
Jeff Hoffman
77%
Nathan Lukes
75%
Davis Schneider
73%
Shane Bieber
67%
Brendon Little
65%
Louis Varland
65%
Myles Straw
65%
Isiah Kiner-Falefa
59%
Seranthony Dominguez
59%
Chris Bassitt
52%
Tyler Heineman
52%
Mason Fluharty
51%
Anthony Santander
50%
Joey Loperfido
43%
Eric Lauer
42%
Braydon Fisher
41%
Yariel Rodriguez
30%
No matching quizzes found
Score Distribution
Percent of People with Each Score
Percentile by Number Answered
Your Score History
You have not taken this quiz